[Event "Heusenstamm Schloss op"]
[Site "Heusenstamm"]
[Date "2023.11.25"]
[Round "4"]
[White "Villwock, Martin"]
[Black "Berberich, Christoph"]
[Result "1-0"]
[WhiteElo "2073"]
[BlackElo "1859"]
[PlyCount "69"]
[EventDate "2023.11.23"]
[EventType "swiss"]
[EventRounds "7"]
[EventCountry "GER"]
[SourceTitle "CB50_2023"]
[SourceDate "2023.12.13"]
[SourceVersion "1"]
[SourceVersionDate "2023.12.13"]
[SourceQuality "1"]

1. e4 c5 2. Nf3 Nc6 3. d4 cxd4 4. Nxd4 Nf6 5. Nc3 e5 6. Ndb5 d6 7. Nd5 Nxd5 8. exd5 Nb8 9. a4 a6 10. Na3 Be7 11. b4 a5 12. c3 0-0 13. Be2 f5 14. Nc4 axb4 15. cxb4 b5 16. Na5 bxa4 17. Rxa4 Bd7 18. Ra3 Qb6 19. Bd2 Bb5 20. 0-0 Nd7 21. Rc3 Bf6 22. Rc6 Bxc6 23. dxc6 Nb8 24. Qb3+ Kh8 25. Qd5 Rxa5 26. Qxd6 Rd8 27. bxa5 Rxd6 28. axb6 Rxc6 29. Rc1 Rxc1+ 30. Bxc1 Kg8 31. Ba3 Nd7 32. b7 Nb8 33. Bc4+ Kh8 34. Bd6 Nd7 35. Be6 1-0

[Event "Rhein Main op-A 25th"]
[Site "Bad Homburg"]
[Date "2023.06.11"]
[Round "7"]
[White "Berberich, Christoph"]
[Black "Graef, Jakob Vincent"]
[Result "1-0"]
[WhiteElo "1902"]
[BlackElo "1646"]
[PlyCount "99"]
[EventDate "2023.06.07"]
[EventType "swiss"]
[EventRounds "7"]
[EventCountry "GER"]
[SourceTitle "CBM 215 Extra"]
[Source "ChessBase"]
[SourceDate "2023.09.30"]
[SourceVersion "1"]
[SourceVersionDate "2023.09.30"]
[SourceQuality "1"]

1. d4 d5 2. Nf3 Nf6 3. e3 c6 4. Bd3 e6 5. Nbd2 Bd6 6. 0-0 0-0 7. c4 c5 8. b3 Nc6 9. Bb2 cxd4 10. exd4 Re8 11. Re1 Bd7 12. Ne5 Qc7 13. Rc1 Rac8 14. Qf3 Qa5 15. Nf1 Qxa2 16. Re2 Qa5 17. Ng3 Qd8 18. c5 Be7 19. Nh5 Nxe5 20. Nxf6+ Bxf6 21. dxe5 Bg5 22. Rc3 g6 23. g3 Bc6 24. Qg4 Bh6 25. h4 Bg7 26. h5 Qe7 27. f4 a6 28. hxg6 fxg6 29. Rh2 Qf7 30. Qh3 Bf8 31. Rcc2 Bb5 32. Bxb5 axb5 33. b4 Ra8 34. Qf1 Qd7 35. Bd4 Ra4 36. Rb2 Rea8 37. Rb1 Ra3 38. Rg2 Be7 39. Qe2 Ra2 40. Qxa2 Rxa2 41. Rxa2 g5 42. Ra8+ Kf7 43. fxg5 Bxg5 44. Rf1+ Kg6 45. Rg8+ Kh5 46. Kg2 Kg4 47. Be3 h6 48. Rf4+ Kh5 49. g4+ Kh4 50. Bf2# 1-0

[Event "Rhein Main op-A 25th"]
[Site "Bad Homburg"]
[Date "2023.06.07"]
[Round "1"]
[White "Berberich, Christoph"]
[Black "Rubsamen, Cornelius"]
[Result "0-1"]
[WhiteElo "1902"]
[BlackElo "2183"]
[PlyCount "100"]
[EventDate "2023.06.07"]
[EventType "swiss"]
[EventRounds "7"]
[EventCountry "GER"]
[SourceTitle "CBM 215 Extra"]
[Source "ChessBase"]
[SourceDate "2023.09.30"]
[SourceVersion "1"]
[SourceVersionDate "2023.09.30"]
[SourceQuality "1"]

1. d4 Nf6 2. Nf3 g6 3. c4 Bg7 4. Nc3 0-0 5. e4 d6 6. Be2 Nbd7 7. 0-0 e5 8. Be3 Qe7 9. dxe5 dxe5 10. h3 c6 11. Qc2 Nh5 12. Bg5 Bf6 13. Bxf6 Ndxf6 14. Rfd1 Nf4 15. Bf1 N6h5 16. Qd2 Qf6 17. Be2 Be6 18. Qd6 Nxe2+ 19. Nxe2 Bxc4 20. Qxf6 Nxf6 21. Nc3 Rfe8 22. Rd6 Kg7 23. Rad1 Re7 24. R1d2 Rae8 25. b3 Ba6 26. a4 c5 27. Rxf6 Kxf6 28. Nd5+ Kg7 29. Nxe7 Rxe7 30. Rd5 c4 31. bxc4 Bxc4 32. Rxe5 Kf6 33. Rxe7 Kxe7 34. Nd2 Ba2 35. f4 Kd6 36. e5+ Kc5 37. Kf2 Kb4 38. a5 Kxa5 39. Ke3 Kb4 40. Kd3 b5 41. g4 a5 42. f5 a4 43. Kc2 Bd5 44. Kc1 Kc5 45. Kb2 b4 46. f6 a3+ 47. Kb1 b3 48. g5 Kd4 49. e6 Bxe6 50. h4 Ke3 0-1

[Event "Heusenstamm Schloss op"]
[Site "Heusenstamm"]
[Date "2022.11.19"]
[Round "4"]
[White "Berberich, Christoph"]
[Black "Marchese, Gaspare"]
[Result "1-0"]
[WhiteElo "1952"]
[BlackElo "1803"]
[PlyCount "109"]
[EventDate "2022.11.17"]
[EventType "swiss"]
[EventRounds "7"]
[EventCountry "GER"]
[SourceTitle "CBM 212 Extra"]
[Source "ChessBase"]
[SourceDate "2023.03.31"]
[SourceVersion "1"]
[SourceVersionDate "2023.03.31"]
[SourceQuality "1"]

1. d4 Nf6 2. Nf3 g6 3. c4 Bg7 4. Nc3 0-0 5. e4 d6 6. Be2 e5 7. 0-0 Nc6 8. d5 Ne7 9. b4 Ne8 10. Nd2 f5 11. c5 f4 12. Bg4 Nf6 13. Bxc8 Rxc8 14. f3 g5 15. Nc4 Ne8 16. Qb3 Rf6 17. Nxe5 dxe5 18. d6+ Kh8 19. dxe7 Qd4+ 20. Kh1 c6 21. Bxf4 Qd7 22. Bxe5 Re6 23. Rad1 Qxe7 24. Bxg7+ Nxg7 25. Rd3 Rf8 26. Qd1 Qf6 27. Ne2 Rxe4 28. fxe4 Qxf1+ 29. Qxf1 Rxf1+ 30. Ng1 Ne6 31. g3 Re1 32. Rd7 Rxe4 33. Rxb7 Nd4 34. Rxa7 g4 35. a4 Re1 36. Kg2 Rb1 37. Rb7 Rb2+ 38. Kf1 Rxh2 39. b5 cxb5 40. axb5 Rc2 41. c6 Nxc6 42. Rc7 Rc1+ 43. Kf2 Rc2+ 44. Ne2 Rxe2+ 45. Kxe2 Nd4+ 46. Ke3 Nxb5 47. Rd7 Na3 48. Kf4 Nc4 49. Rd4 Na5 50. Kxg4 Nc6 51. Rd6 Ne5+ 52. Kf5 Nf7 53. Rd7 Nh6+ 54. Kg5 Ng8 55. g4 1-0

[Event "Heusenstamm Schloss op"]
[Site "Heusenstamm"]
[Date "2022.11.18"]
[Round "3"]
[White "Kardoeus, David"]
[Black "Berberich, Christoph"]
[Result "1-0"]
[WhiteElo "2167"]
[BlackElo "1952"]
[PlyCount "85"]
[EventDate "2022.11.17"]
[EventType "swiss"]
[EventRounds "7"]
[EventCountry "GER"]
[SourceTitle "CBM 212 Extra"]
[Source "ChessBase"]
[SourceDate "2023.03.31"]
[SourceVersion "1"]
[SourceVersionDate "2023.03.31"]
[SourceQuality "1"]

1. d4 Nf6 2. c4 c5 3. d5 b5 4. cxb5 a6 5. e3 g6 6. Nc3 Bg7 7. Nf3 0-0 8. a4 Bb7 9. Ra3 e6 10. Bc4 axb5 11. axb5 Rxa3 12. bxa3 exd5 13. Nxd5 Nxd5 14. Bxd5 Bxd5 15. Qxd5 Qa5+ 16. Nd2 Qxb5 17. Nc4 Qc6 18. Qxc6 Nxc6 19. Ke2 d5 20. Nb6 Rd8 21. Rd1 d4 22. exd4 Nxd4+ 23. Kf1 h5 24. a4 Rb8 25. a5 Nb3 26. Bf4 Rb7 27. a6 Ra7 28. Rd8+ Kh7 29. Ra8 Re7 30. g3 Bc3 31. Nd5 Re1+ 32. Kg2 Bd4 33. Bg5 Re6 34. a7 Ra6 35. Rb8 Rxa7 36. Rxb3 c4 37. Rb8 Ra5 38. Nf6+ Bxf6 39. Bxf6 g5 40. Rc8 Kg6 41. Bc3 Ra4 42. Rc6+ Kh7 43. Kf3 1-0

[Event "Rhein Main op-A 24th"]
[Site "Bad Homburg"]
[Date "2022.06.18"]
[Round "5"]
[White "Hipler, Andreas"]
[Black "Berberich, Christoph"]
[Result "1/2-1/2"]
[WhiteElo "1802"]
[BlackElo "1990"]
[PlyCount "111"]
[EventDate "2022.06.15"]
[EventType "swiss"]
[EventRounds "7"]
[EventCountry "GER"]
[SourceTitle "EXT 2023"]
[Source "ChessBase"]
[SourceDate "2022.10.05"]
[SourceVersion "1"]
[SourceVersionDate "2022.10.05"]
[SourceQuality "1"]

1. d4 c5 2. d5 Nf6 3. Nf3 g6 4. Nc3 Bg7 5. e4 d6 6. Bc4 0-0 7. 0-0 Bg4 8. h3 Bxf3 9. Qxf3 Nbd7 10. Qd1 a6 11. a4 Ne8 12. Bf4 Ne5 13. Be2 Nc7 14. Qd2 Qd7 15. a5 Nb5 16. Bh6 Nxc3 17. bxc3 Bxh6 18. Qxh6 f6 19. Qd2 Rfb8 20. Rfb1 Qc7 21. f4 Nd7 22. Bg4 b5 23. axb6 Rxb6 24. Bxd7 Rxb1+ 25. Rxb1 Qxd7 26. c4 Qa4 27. Qc3 a5 28. Kf2 h5 29. g3 Qd7 30. Kg2 a4 31. Ra1 Qc7 32. Ra3 Qa5 33. Qxa5 Rxa5 34. Kf3 Kf7 35. e5 fxe5 36. fxe5 Ra8 37. Kf4 Kg7 38. Ke4 Kh6 39. h4 Kg7 40. Kf4 Rf8+ 41. Ke4 Rf2 42. exd6 exd6 43. Rxa4 Rxc2 44. Kd3 Rg2 45. Ra6 Rxg3+ 46. Kd2 Rg4 47. Kc3 Rxh4 48. Rxd6 Rh3+ 49. Kd2 h4 50. Rc6 Rh2+ 51. Ke3 h3 52. d6 Rh1 53. Kf2 Rd1 54. Kg3 Rd3+ 55. Kh2 Kf7 56. Rxc5 1/2-1/2

[Event "Heusenstamm Sparkassen op-A 7th"]
[Site "Heusenstamm"]
[Date "2021.11.20"]
[Round "4.43"]
[White "Makilla, Tobias"]
[Black "Berberich, Christoph"]
[Result "1-0"]
[WhiteElo "1924"]
[BlackElo "2017"]
[PlyCount "167"]
[EventDate "2021.11.18"]
[EventType "swiss"]
[EventRounds "7"]
[EventCountry "GER"]
[SourceTitle "EXT 2023"]
[Source "ChessBase"]
[SourceDate "2022.10.05"]
[SourceVersion "1"]
[SourceVersionDate "2022.10.05"]
[SourceQuality "1"]

1. e4 c5 2. Nf3 Nc6 3. d4 cxd4 4. Nxd4 Nf6 5. Nc3 e5 6. Ndb5 d6 7. Nd5 Nxd5 8. exd5 Nb8 9. c4 Be7 10. Be2 0-0 11. 0-0 a6 12. Nc3 f5 13. f4 Bf6 14. Kh1 Nd7 15. Be3 b6 16. Rc1 exf4 17. Bxf4 Ne5 18. b4 a5 19. a3 axb4 20. axb4 Bd7 21. Qb3 Kh8 22. Be3 Qc7 23. Nb1 Ba4 24. Qa2 Bd1 25. Qd2 Bxe2 26. Qxe2 g6 27. c5 bxc5 28. bxc5 dxc5 29. Bxc5 Rac8 30. Ba3 Qb8 31. Bxf8 Rxf8 32. Rfd1 Be7 33. Nc3 Ng4 34. g3 Bg5 35. Rb1 Qa7 36. Re1 Qd4 37. Qf3 Ne3 38. Nb5 Qd2 39. Nc7 Rc8 40. Red1 Nxd1 41. Rxd1 Qxd1+ 42. Qxd1 Rxc7 43. Qd4+ Kg8 44. Qe5 Re7 45. Qb8+ Kg7 46. Kg2 Re2+ 47. Kg1 Rd2 48. Qc7+ Kg8 49. Qc8+ Kg7 50. Qd7+ Kg8 51. h4 Bf6 52. Kf1 h5 53. Ke1 Rd4 54. Ke2 Re4+ 55. Kf3 Rd4 56. Qe6+ Kg7 57. d6 Rd3+ 58. Kf2 Rd2+ 59. Ke3 Rd1 60. Qd7+ Kg8 61. Qc8+ Kg7 62. Qb7+ Kf8 63. Qc7 Rd4 64. Ke2 Re4+ 65. Kf3 Rd4 66. Qh7 Rd3+ 67. Kg2 Rd2+ 68. Kh3 Rxd6 69. Qxg6 f4 70. Qh6+ Ke7 71. Qxf4 Rd4 72. Qf5 Rd6 73. Qxh5 Kf8 74. Qh6+ Kf7 75. Qh7+ Bg7 76. h5 Rh6 77. Qf5+ Rf6 78. Qd5+ Kf8 79. g4 Bh6 80. g5 Bxg5 81. Qxg5 Rf7 82. h6 Rh7 83. Qg6 Rf7 84. h7 1-0

[Event "Heusenstamm Sparkassen op-A 7th"]
[Site "Heusenstamm"]
[Date "2021.11.18"]
[Round "1.67"]
[White "Berberich, Christoph"]
[Black "Marzec, Witold"]
[Result "1/2-1/2"]
[WhiteElo "2017"]
[BlackElo "1706"]
[PlyCount "64"]
[EventDate "2021.11.18"]
[EventType "swiss"]
[EventRounds "7"]
[EventCountry "GER"]
[SourceTitle "EXT 2023"]
[Source "ChessBase"]
[SourceDate "2022.10.05"]
[SourceVersion "1"]
[SourceVersionDate "2022.10.05"]
[SourceQuality "1"]

1. d4 Nf6 2. Nf3 e6 3. e3 d5 4. c4 c6 5. Nbd2 Bd6 6. Bd3 Nbd7 7. 0-0 0-0 8. e4 dxe4 9. Nxe4 Nxe4 10. Bxe4 Nf6 11. Bc2 Qc7 12. Qd3 Bf4 13. Re1 Bxc1 14. Raxc1 g6 15. Ne5 Rd8 16. Qe3 Kg7 17. Rcd1 b6 18. Qf4 Bb7 19. Nxg6 Qxf4 20. Nxf4 Rd7 21. Re3 Rad8 22. Rg3+ Kf8 23. Rgd3 Ba6 24. b3 b5 25. cxb5 Bxb5 26. Rc3 e5 27. a4 exd4 28. Rf3 Ba6 29. Nd3 Bxd3 30. Bxd3 Kg7 31. Rg3+ Kf8 32. Rf3 Kg7 1/2-1/2

[Event "Innsbruck op 5th"]
[Site "Innsbruck"]
[Date "2021.08.24"]
[Round "5"]
[White "Berberich, Christoph"]
[Black "Higatsberger, Michael"]
[Result "1/2-1/2"]
[WhiteElo "1988"]
[BlackElo "2112"]
[PlyCount "86"]
[EventDate "2021.08.21"]
[EventType "swiss"]
[EventRounds "9"]
[EventCountry "AUT"]
[SourceTitle "CBM 204 Extra"]
[Source "ChessBase"]
[SourceDate "2021.11.30"]
[SourceVersion "1"]
[SourceVersionDate "2021.11.30"]
[SourceQuality "1"]

1. d4 d5 2. Nf3 c5 3. e3 e6 4. c4 Nc6 5. a3 a6 6. dxc5 Bxc5 7. b4 Be7 8. cxd5 exd5 9. Bb2 Bf6 10. Qd2 Bf5 11. Be2 Rc8 12. 0-0 Bxb2 13. Qxb2 Qf6 14. Ra2 Qxb2 15. Rxb2 Nf6 16. b5 axb5 17. Rxb5 Rc7 18. Nc3 Be4 19. Nxe4 dxe4 20. Nd2 0-0 21. Rfb1 Rd8 22. Nc4 Rdd7 23. Na5 Rd2 24. Nxc6 Rxc6 25. Rxb7 g6 26. R7b2 Rxb2 27. Rxb2 Rc1+ 28. Bf1 Ra1 29. Rb3 Nd7 30. g4 Ne5 31. h3 Nf3+ 32. Kg2 Nd2 33. Rb8+ Kg7 34. Be2 Rxa3 35. Rb2 Nb3 36. Bc4 Nc5 37. Rb5 Nd7 38. g5 Rc3 39. Bd5 Rc5 40. Rxc5 Nxc5 41. Kg3 f5 42. f3 exf3 43. Kxf3 h6 1/2-1/2

[Event "GER Cup Net V3 U2000"]
[Site "Playchess.com INT"]
[Date "2020.05.27"]
[Round "2"]
[White "Berberich, Christoph"]
[Black "Blauhut, Holger"]
[Result "0-1"]
[WhiteElo "1720"]
[BlackElo "1924"]
[PlyCount "88"]
[EventDate "2020.05.27"]
[EventType "swiss (blitz)"]
[EventRounds "9"]
[EventCountry "GER"]
[SourceTitle "EXT 2021"]
[Source "ChessBase"]
[SourceDate "2020.10.23"]
[SourceVersion "1"]
[SourceVersionDate "2020.10.23"]
[SourceQuality "1"]

1. d4 d5 2. Nf3 Nf6 3. c4 e6 4. e3 Be7 5. Nc3 c6 6. Bd3 0-0 7. 0-0 a6 8. e4 dxe4 9. Nxe4 Nxe4 10. Bxe4 Nd7 11. Re1 Nf6 12. Bc2 c5 13. Bg5 cxd4 14. Nxd4 Bc5 15. Nf3 Qxd1 16. Raxd1 b5 17. Bb3 Bb7 18. Ne5 Rfd8 19. Bxf6 gxf6 20. Nd7 Be7 21. h3 Bc6 22. Nb6 Rxd1 23. Rxd1 Rd8 24. Rxd8+ Bxd8 25. cxb5 axb5 26. Nc8 Kg7 27. Kf1 f5 28. g3 Kf6 29. Ke2 Ke5 30. Na7 Bd7 31. Bc2 Bb6 32. f4+ Kd4 33. Nxb5+ Bxb5+ 34. Kd2 Ba5+ 35. Kc1 Ke3 36. g4 Kxf4 37. gxf5 exf5 38. a4 Bc6 39. b3 Be4 40. Bd1 Ke3 41. Kb2 Bb4 42. Bh5 Bd5 43. Kc2 f4 44. h4 f3 0-1

[Event "GER Cup Net V3 U2000"]
[Site "Playchess.com INT"]
[Date "2020.05.27"]
[Round "4"]
[White "Kosovska, Olena"]
[Black "Berberich, Christoph"]
[Result "1-0"]
[WhiteElo "1909"]
[BlackElo "1720"]
[PlyCount "41"]
[EventDate "2020.05.27"]
[EventType "swiss (blitz)"]
[EventRounds "9"]
[EventCountry "GER"]
[SourceTitle "EXT 2021"]
[Source "ChessBase"]
[SourceDate "2020.10.23"]
[SourceVersion "1"]
[SourceVersionDate "2020.10.23"]
[SourceQuality "1"]

1. e4 c5 2. Nc3 Nc6 3. f4 g6 4. Nf3 Bg7 5. Bc4 e6 6. f5 Nge7 7. fxg6 hxg6 8. 0-0 0-0 9. d3 d5 10. Bb3 a6 11. Qe1 Nd4 12. Ne2 Nxf3+ 13. Rxf3 b5 14. Bg5 c4 15. Qh4 Re8 16. Rh3 cxb3 17. Qh7+ Kf8 18. Nf4 Qb6+ 19. Kh1 Ng8 20. Rf1 dxe4 21. Nxg6# 1-0

[Event "GER Cup Net V1 U2000"]
[Site "Playchess.com INT"]
[Date "2020.05.19"]
[Round "6"]
[White "Berberich, Christoph"]
[Black "Klueners, Juergen"]
[Result "1-0"]
[WhiteElo "1739"]
[BlackElo "1710"]
[PlyCount "67"]
[EventDate "2020.05.19"]
[EventType "swiss (blitz)"]
[EventRounds "9"]
[EventCountry "GER"]
[SourceTitle "EXT 2021"]
[Source "ChessBase"]
[SourceDate "2020.10.23"]
[SourceVersion "1"]
[SourceVersionDate "2020.10.23"]
[SourceQuality "1"]

1. d4 d5 2. Nf3 e6 3. c4 c5 4. cxd5 exd5 5. Nc3 Nc6 6. Bg5 Nf6 7. Bxf6 Qxf6 8. e3 cxd4 9. exd4 Bb4 10. Be2 0-0 11. 0-0 Bxc3 12. bxc3 Bf5 13. c4 Rad8 14. cxd5 Rxd5 15. Qb3 Rfd8 16. Qxb7 Nxd4 17. Nxd4 Rxd4 18. Qxa7 Rd2 19. Bf3 Qb2 20. h3 h6 21. Qc5 Bd3 22. Rfd1 Ba6 23. Rdb1 Qc2 24. Qxc2 Rxc2 25. Rd1 Rb8 26. Rdc1 Rd2 27. Rd1 Rc2 28. a4 Rbb2 29. Rd8+ Kh7 30. Be4+ g6 31. Bxc2 Rxc2 32. a5 Kg7 33. Rd6 Bc4 34. a6 1-0

[Event "GER Cup Net V1 U2000"]
[Site "Playchess.com INT"]
[Date "2020.05.19"]
[Round "1"]
[White "Berberich, Christoph"]
[Black "Niebergall, Gerhard"]
[Result "0-1"]
[WhiteElo "1620"]
[BlackElo "1816"]
[PlyCount "144"]
[EventDate "2020.05.19"]
[EventType "swiss (blitz)"]
[EventRounds "9"]
[EventCountry "GER"]
[SourceTitle "EXT 2021"]
[Source "ChessBase"]
[SourceDate "2020.10.23"]
[SourceVersion "1"]
[SourceVersionDate "2020.10.23"]
[SourceQuality "1"]

1. d4 d5 2. Nf3 Nf6 3. c4 e6 4. Bg5 Nbd7 5. e3 h6 6. Bh4 Be7 7. Nc3 0-0 8. Rc1 c5 9. cxd5 Nxd5 10. Bg3 cxd4 11. exd4 Qa5 12. Qd2 Bb4 13. Bd3 b6 14. 0-0 Ba6 15. Bxa6 Qxa6 16. Qc2 Rac8 17. Qb3 Nxc3 18. bxc3 Be7 19. c4 Nf6 20. Rfd1 Rfd8 21. h3 Ne4 22. Bf4 Bd6 23. Bxd6 Nxd6 24. c5 bxc5 25. dxc5 Nf5 26. Rxd8+ Rxd8 27. c6 Rc8 28. c7 Ne7 29. Qb8 Qb6 30. Qxb6 axb6 31. Ne5 Nd5 32. Rc6 Rxc7 33. Rd6 Rc1+ 34. Kh2 Rb1 35. Rd8+ Kh7 36. Nxf7 Kg6 37. Ne5+ Kf6 38. Nf3 Rb2 39. a4 Rxf2 40. Kg3 Ra2 41. Ra8 Nc3 42. Ra6 Nxa4 43. Nd4 Nc3 44. Rxb6 Ke5 45. Nf3+ Kd5 46. Rb7 Ne4+ 47. Kf4 Nf6 48. Rb5+ Kc6 49. Re5 Ra4+ 50. Kg3 Kd6 51. Re3 Nh5+ 52. Kf2 Nf4 53. Re1 Nd3+ 54. Ke2 Nxe1 55. Kxe1 g5 56. Kf2 Rf4 57. g3 Rxf3+ 58. Kxf3 Kd5 59. Ke3 Ke5 60. Kf3 Kd4 61. Ke2 e5 62. g4 Ke4 63. Kf2 Kd3 64. Kf3 e4+ 65. Kf2 e3+ 66. Kf1 Kd2 67. Kg2 e2 68. Kg3 e1Q+ 69. Kh2 Qf2+ 70. Kh1 Ke2 71. h4 Kf1 72. hxg5 Qg2# 0-1

[Event "GER Cup Net V1 U2000"]
[Site "Playchess.com INT"]
[Date "2020.05.19"]
[Round "4"]
[White "Gley, Reinhard"]
[Black "Berberich, Christoph"]
[Result "1-0"]
[WhiteElo "1795"]
[BlackElo "1815"]
[PlyCount "61"]
[EventDate "2020.05.19"]
[EventType "swiss (blitz)"]
[EventRounds "9"]
[EventCountry "GER"]
[SourceTitle "EXT 2021"]
[Source "ChessBase"]
[SourceDate "2020.10.23"]
[SourceVersion "1"]
[SourceVersionDate "2020.10.23"]
[SourceQuality "1"]

1. Nf3 c5 2. c4 Nf6 3. Nc3 g6 4. e4 d6 5. Be2 Bg7 6. d3 0-0 7. h4 Nc6 8. Be3 Ng4 9. h5 Nxe3 10. fxe3 Bg4 11. Qd2 Bxh5 12. 0-0-0 a6 13. Ng5 Bxe2 14. Nxe2 h6 15. Nf3 b5 16. d4 cxd4 17. exd4 bxc4 18. d5 Ne5 19. Nxe5 dxe5 20. g4 Rb8 21. Qc3 Qb6 22. Kb1 Qb4 23. Rc1 Qxc3 24. Rxc3 Rb4 25. Rhc1 Rfb8 26. R1c2 a5 27. a3 Rb3 28. Rxc4 Rxa3 29. Rc8+ Rxc8 30. Rxc8+ Kh7 31. bxa3 1-0

[Event "GER Cup Net V1 U2000"]
[Site "Playchess.com INT"]
[Date "2020.05.19"]
[Round "8"]
[White "Lang, Alexander"]
[Black "Berberich, Christoph"]
[Result "1-0"]
[WhiteElo "1768"]
[BlackElo "1724"]
[PlyCount "43"]
[EventDate "2020.05.19"]
[EventType "swiss (blitz)"]
[EventRounds "9"]
[EventCountry "GER"]
[SourceTitle "EXT 2021"]
[Source "ChessBase"]
[SourceDate "2020.10.23"]
[SourceVersion "1"]
[SourceVersionDate "2020.10.23"]
[SourceQuality "1"]

1. d4 c5 2. d5 Nf6 3. c4 b5 4. cxb5 a6 5. bxa6 Bxa6 6. Nc3 g6 7. g3 Bg7 8. Bg2 d6 9. Nf3 0-0 10. 0-0 Nfd7 11. Rb1 Nb6 12. Qc2 Bc4 13. Nd2 Bxa2 14. Ra1 Bxc3 15. Qxc3 N8d7 16. e4 c4 17. Nf3 Bb3 18. Bh6 f6 19. Bxf8 Kxf8 20. Nd4 Na4 21. Rxa4 Rxa4 22. Ne6+ 1-0

[Event "Erfurt op-A 29th"]
[Site "Erfurt"]
[Date "2019.12.30"]
[Round "8"]
[White "Berberich, Christoph"]
[Black "Weimert, Miriam"]
[Result "1/2-1/2"]
[WhiteElo "1988"]
[BlackElo "1845"]
[PlyCount "28"]
[EventDate "2019.12.26"]
[EventType "swiss"]
[EventRounds "8"]
[EventCountry "GER"]
[SourceTitle "CBM 194 Extra"]
[Source "ChessBase"]
[SourceDate "2020.03.31"]
[SourceVersion "1"]
[SourceVersionDate "2020.03.31"]
[SourceQuality "1"]

1. d4 Nf6 2. Nf3 d5 3. c4 c6 4. e3 e6 5. Nbd2 Nbd7 6. Bd3 Bd6 7. 0-0 0-0 8. e4 e5 9. cxd5 cxd5 10. exd5 exd4 11. Nxd4 Ne5 12. Bf5 Nxd5 13. Ne4 Be7 14. Qb3 Nf6 1/2-1/2

[Event "Erfurt op-A 29th"]
[Site "Erfurt"]
[Date "2019.12.29"]
[Round "7"]
[White "Farokhi, Keyvan"]
[Black "Berberich, Christoph"]
[Result "1/2-1/2"]
[WhiteElo "2023"]
[BlackElo "1988"]
[PlyCount "87"]
[EventDate "2019.12.26"]
[EventType "swiss"]
[EventRounds "8"]
[EventCountry "GER"]
[SourceTitle "CBM 194 Extra"]
[Source "ChessBase"]
[SourceDate "2020.03.31"]
[SourceVersion "1"]
[SourceVersionDate "2020.03.31"]
[SourceQuality "1"]

1. d4 Nf6 2. Bf4 d5 3. e3 c5 4. c3 e6 5. Nd2 Bd6 6. Bg3 0-0 7. Bd3 Nc6 8. Ngf3 Re8 9. e4 dxe4 10. Nxe4 Nxe4 11. Bxe4 cxd4 12. Nxd4 Nxd4 13. Qxd4 Bxg3 14. hxg3 f5 15. Qxd8 Rxd8 16. Bc2 h6 17. Bb3 Kf7 18. Rd1 Rxd1+ 19. Kxd1 Kf6 20. Ke2 e5 21. Rd1 Be6 22. Rd6 Re8 23. Kd3 Kf7 24. c4 Rc8 25. c5 Bxb3 26. axb3 Rxc5 27. Rd7+ Kf6 28. Rxb7 a5 29. Rb6+ Kg5 30. b4 axb4 31. Rxb4 e4+ 32. Kd2 Kg4 33. Rb6 Rc7 34. b4 Ra7 35. Rc6 g5 36. Rc2 h5 37. b5 h4 38. gxh4 gxh4 39. b6 Rb7 40. Rc6 f4 41. Rg6+ Kf5 42. Rh6 Kg5 43. Rc6 Kg4 44. Rg6+ 1/2-1/2

[Event "Erfurt op-A 29th"]
[Site "Erfurt"]
[Date "2019.12.29"]
[Round "6"]
[White "Minor, Viatcheslav"]
[Black "Berberich, Christoph"]
[Result "1-0"]
[WhiteElo "2062"]
[BlackElo "1988"]
[PlyCount "105"]
[EventDate "2019.12.26"]
[EventType "swiss"]
[EventRounds "8"]
[EventCountry "GER"]
[SourceTitle "CBM 194 Extra"]
[Source "ChessBase"]
[SourceDate "2020.03.31"]
[SourceVersion "1"]
[SourceVersionDate "2020.03.31"]
[SourceQuality "1"]

1. e4 c5 2. c3 d5 3. exd5 Qxd5 4. d4 cxd4 5. cxd4 Nc6 6. Nf3 e5 7. Nc3 Bb4 8. Bd2 Bxc3 9. Bxc3 e4 10. Ne5 Nxe5 11. dxe5 Ne7 12. Qc2 0-0 13. Rd1 Qxa2 14. Bb4 Bg4 15. Bxe7 Rfc8 16. Qxe4 Bxd1 17. Bd3 g6 18. 0-0 Qe6 19. Bf6 Bb3 20. Qf4 Qe8 21. h4 Rd8 22. Bb5 Qf8 23. h5 a6 24. Be2 Rac8 25. Qg5 Re8 26. Bf3 Re6 27. Bxb7 Rb8 28. Be4 Rxf6 29. Qxf6 Qg7 30. hxg6 hxg6 31. Qd6 Qf8 32. Qxa6 Rb4 33. Re1 Qb8 34. Qf6 Rb6 35. Qg5 Re6 36. Bd3 Qa8 37. Qf4 Kg7 38. Qe3 Qa5 39. Bb1 Qb4 40. Rc1 Qb8 41. Re1 Qb4 42. f4 Bd5 43. Re2 Qa4 44. f5 gxf5 45. Bxf5 Qa1+ 46. Re1 Qxb2 47. Qg3+ Kf8 48. Bxe6 Bxe6 49. Qe3 Kg7 50. Rd1 Qa2 51. Qg5+ Kh7 52. Rf1 Bd5 53. Rf6 1-0

[Event "Erfurt op-A 29th"]
[Site "Erfurt"]
[Date "2019.12.28"]
[Round "5"]
[White "Berberich, Christoph"]
[Black "Gruender, Michael"]
[Result "1/2-1/2"]
[WhiteElo "1988"]
[BlackElo "1902"]
[PlyCount "60"]
[EventDate "2019.12.26"]
[EventType "swiss"]
[EventRounds "8"]
[EventCountry "GER"]
[SourceTitle "CBM 194 Extra"]
[Source "ChessBase"]
[SourceDate "2020.03.31"]
[SourceVersion "1"]
[SourceVersionDate "2020.03.31"]
[SourceQuality "1"]

1. d4 e6 2. e4 d5 3. exd5 exd5 4. Nf3 Bd6 5. c4 Nf6 6. c5 Be7 7. Bd3 b6 8. cxb6 axb6 9. Ne5 0-0 10. Nc3 c5 11. Be3 Bd6 12. Nf3 Re8 13. 0-0 Nc6 14. h3 h6 15. Nb5 Ba6 16. Nxd6 Qxd6 17. b3 c4 18. bxc4 dxc4 19. Be2 Nd5 20. Qc1 b5 21. a4 b4 22. Bxc4 Bxc4 23. Qxc4 Nxe3 24. fxe3 Rxe3 25. Ne5 Nxe5 26. dxe5 Qe7 27. Rf4 b3 28. Raf1 Rf8 29. a5 Rxe5 30. Qxb3 Rxa5 1/2-1/2

[Event "Verbandsliga Suedbaden 1920"]
[Site "Baden"]
[Date "2019.12.01"]
[Round "3.8"]
[White "Wernet, Andreas"]
[Black "Berberich, Christoph"]
[Result "1/2-1/2"]
[WhiteElo "1990"]
[BlackElo "1958"]
[PlyCount "25"]
[EventDate "2019.09.29"]
[EventType "team-tourn"]
[EventRounds "9"]
[EventCountry "GER"]
[SourceTitle "EXT 2021"]
[Source "ChessBase"]
[SourceDate "2020.10.23"]
[SourceVersion "1"]
[SourceVersionDate "2020.10.23"]
[SourceQuality "1"]
[WhiteTeam "Oberwinden"]
[BlackTeam "Dreisamtal"]
[WhiteTeamCountry "GER"]
[BlackTeamCountry "GER"]

1. e4 c5 2. f4 d5 3. e5 g6 4. Nf3 Bg4 5. g3 Bg7 6. Bg2 Nc6 7. c3 e6 8. 0-0 Nh6 9. Na3 Nf5 10. d3 h5 11. h3 Bxf3 12. Qxf3 0-0 13. Nc2 1/2-1/2